[Finančný manažment nadnárodných korporácií]

Recenzia na publikáciu, ktorá sa zaoberá aspektami finančného manažmentu nadnárodných korporácií. Od predstavenia foriem podnikania nadnárodných korporácií, ich právnych štruktúr a prepojení, cez formy investícií a finančného investovania prostredníctvom korporácií, účtovníctvo a druhy účtovných z...

Full description

Saved in:
Bibliographic Details
Main Author: Kováč, Branislav, 1976-
Format: Book Chapter
Language:Slovak
Subjects:
Tags: Add Tag
No Tags, Be the first to tag this record!

MARC

LEADER 00000nla a2200000 4500
001 0241010
005 20240502073925.4
041 0 |a slo 
044 |a SK 
245 1 0 |a [Finančný manažment nadnárodných korporácií]  |c Branislav Kováč 
520 |a Recenzia na publikáciu, ktorá sa zaoberá aspektami finančného manažmentu nadnárodných korporácií. Od predstavenia foriem podnikania nadnárodných korporácií, ich právnych štruktúr a prepojení, cez formy investícií a finančného investovania prostredníctvom korporácií, účtovníctvo a druhy účtovných závierok, korporátne zdaňovanie a transferové oceňovanie v rámci nadnárodných skupín až po finančné riadenie, risk manažment a teóriu kapitálovej štruktúry koncernov. 
610 2 0 |a recenzie 
610 2 0 |a manažment finančný 
610 2 0 |a korporácie transnacionálne 
100 1 |a Kováč, Branislav, 1976-